Szczegóły MARC21

English for life 3, Living with people /

005 -DATA I CZAS OSTATNIEJ MODYFIKACJI [,]
    • @
    • pole kontrolne
    • 20070315155141.9
020 -Międzynarod. znormalizowany nr książki - ISBN [ , ]
    • a
    • Numer ISBN
    • 0080253296 Find
020 -Międzynarod. znormalizowany nr książki - ISBN [ , ]
    • a
    • Numer ISBN
    • 8301073241 Find
040 -Instytucja sporządzająca opis [ , ]
    • a
    • Instytucja, która sporządziła opis (NP)
    • SZCZ U
    • c
    • Instytucja, która sporządziła rekord (NP)
    • SZCZ U
041 -Język dokumentu [0, ]
    • a
    • Język tekstu (P)
    • angielski
    • h
    • Język tekstu oryginalnego i/lub pośredniego (P)
    • angielski
942 -Rodzaj dokumentu [ , ]
    • c
    • Rodzaj dokumentu
    • Książka
100 -Hasło główne - nazwa osobowa [ , ]
    • a
    • Nazwa osobowa (NP)
    • COOK VIVIAN JAMES
245 -Strefa tytułu i oznaczenia odpowiedzialności [1, ]
    • a
    • Tytuł
    • English for life Find
    • n
    • Oznaczenie części (P)
    • 3,
    • p
    • Nazwa części (P)
    • Living with people /
    • c
    • Pozostałe elementy strefy tytułu i oznaczenia odpowiedzialności (NP)
    • V.J.Cook.
250 -Strefa wydania [ , ]
    • a
    • Oznaczenie wydania (NP)
    • [International ed., reprinted in Poland].
260 -Strefa adresu wydawniczego [ , ]
    • a
    • Miejsce wydania (P)
    • Warszawa :
    • b
    • Nazwa wydawcy (P)
    • PWN-Polish Scientific Publishers,
    • c
    • Data wydania (P)
    • 1983.
300 -Strefa opisu fizycznego [ , ]
    • a
    • Określenie formy książki i/lub objętość (NP)
    • 156 s :
    • b
    • Oznaczenie ilustracji (NP)
    • il :
    • c
    • Format (NP)
    • 24 cm.
490 -Strefa serii i książki wielotomowej - forma nie do wyszukiwania [0, ]
    • a
    • Tytuł (P)
    • (English Language Courses / Pergamon Insitute of English) Find
500 -Uwaga ogólna [ , ]
    • a
    • Uwaga ogólna (NP)
    • Oryg.wyd.: Oxford : Pergamon Press, 1980-Dodr.w 1988 r.,1989 r., 1990 r
080 -Uniwersalna Klasyfikacja Dziesiętna [ , ]
    • a
    • Symbol klasyfikacji
    • 802.0-07=20
980 -Symbol UKD [ , ]
    • a
    • UKD
    • 802.0-07=20
920 -ISBN [ , ]
    • a
    • ISBN
    • 0-08-025329-6Pergamon Press Find
    • z
    • Błędny ISBN
    • 83-01-07324-1 (PWN) Find
Lokalizacja Data inwentaryzacji Numer inwentarzowy Status udost.
BE1999-03-02E.582702
BE1999-03-02S.665462
BE1999-03-02S.736762
BE1999-03-02S.736772
BE1999-03-02S.77669-3
BNS1999-03-02F.190352
BNS1999-03-02F.200802
G1999-03-02G.54162
T1999-03-02TS.73678-11
T1999-03-02TS.77670-11